| 000 | 01004nam a22002537a 4500 | ||
|---|---|---|---|
| 003 | OSt | ||
| 005 | 20210209122214.0 | ||
| 008 | 210209b1995 ck o||gr|||| 00| 0 spa d | ||
| 020 | _a9589457037 | ||
| 040 |
_aCO-JMCR _cCO-JMCR |
||
| 041 | 0 | _aspa | |
| 082 | 0 | 4 |
_a923.2 / _bG983p _223 |
| 100 | 1 |
_aEcheverry de Ferrufino, Ligia, _eautora _913189 |
|
| 245 | 1 | 0 |
_aPremio nacional al merito científico 1994 : _bVirginia Gutiérrez de Pineda / _cLigia Echeverri de Ferrufino |
| 250 | _aPrimera edición | ||
| 260 |
_a[Bogotá] : _bAsociación colombiana para el avance de la ciencia, _cc1995 |
||
| 300 |
_a117 páginas : _bilustraciones, fotografías a blanco y negro ; _c23 cm. |
||
| 505 | 0 | _aAlocuciones -- Acaeceres de una vida -- La obra científica. | |
| 586 | _aPremio Nocional al merito científico 1994. | ||
| 600 | 1 |
_2portada _aGutiérrez de Pineda, Virginia, _913190 |
|
| 650 | 2 | 4 |
_aMujeres etnólogas _913191 |
| 650 | 2 | 4 |
_aMujeres etnólogas _xBiografía. _zColombia _913192 |
| 942 |
_2ddc _cBK |
||
| 999 |
_c7134 _d7134 |
||